000 00513nam a2200169Ia 4500
008 190805s9999||||xx |||||||||||||| ||und||
020 _a9789332555310
_cRs. 799.00
082 0 4 _a005.133
_bD3686
100 1 _aDeitel, Paul
245 1 0 _aC How to Program /
_cPaul Deitel
250 _a7th ed.
260 _aNoida :
_bPearson India Education Ltd.,
_c2015, reprinted 2017
300 _axxviii, 947 p.
_b :
_c; 23 cm.
650 0 _aC (Computer program language)
_vTextbooks
942 _cBK
999 _c221
_d221